000 00553nam a2200217 a 4500
999 _c6552
_d6552
001 6552
003 BD-JhCC
005 20180125094857.0
008 180125s1961 e |||| || | 000 0 eng d
035 _a(BD-JhCC)6552
040 _aBD-JhCC
_dBD-JhCC
041 _aeng
082 _a823.912
_bAMB 1961
100 _aAmbler, Eric
245 _aCause For Alarm /
_cEric Ambler,
260 _aLondon :
_bPenguin Books,
_c1961
300 _a247 p. :
_c20 cm.
650 _aWeapons Industry
_xPolitical Aspect
_zItaly
942 _2ddc
_cBK